Top 10 najpopularniejsze drzewa liściaste w Polsce - Statystyki

Ogólne statystyki
  • Ten quiz został rozwiązany 77 razy
  • Średni wynik to 7 z 10
Statystyki odpowiedzi
Hint Odpowiedź % Poprawnych
1 Dąb
99%
5 Brzoza
91%
3 Klon
81%
4 Buk
80%
8 Wierzba
66%
7 Lipa
63%
6 Topola
59%
10 Olcha
53%
9 Grab
51%
2 Jesion
46%
Nie znaleziono quizów pasujących do podanych kryteriów
Rozkład punktacji
Procent ludzi z każdym wynikiem
Percentyl według liczby udzielonych odpowiedzi
Twoja historia wyników
Nie rozwiązałeś tego quizu